000 00744nam a2200229Ii 4500
003 JO-AjNU
008 230605s9999||||xx |||||||||||||| ||und||
017 _a2009/6/2884
020 _a978-9957-70-264-9
040 _aJO-AjNU
_bara
_erda
_cJO-AjNU
041 _aara
050 1 4 _aLB1027.5.M37 2010
100 3 _aالمصري،إبراهيم سليمان,
_eauthor
_929432
245 0 0 _aالإرشاد النفسي أسسه وتطبيقاته
250 _aط1
264 3 1 _aإربد:عالم الكتب الحديث،2010
300 _a170ص
336 _atext
_btxt
_2rdacontent
337 _aunmediated
_bn
_2rdamedia
338 _avolume
_bnc
_2rdacarrier
650 4 _a الإرشاد النفسي- العلاج النفسي
_929433
999 _aA11545
_c15113
_d15113